| 000 | 00881cam a2200241 4500 | ||
|---|---|---|---|
| 008 | 090401t1995 xxu||||| |||| 00| 0 eng d | ||
| 020 | _a0582274494 | ||
| 035 | _a(Sirsi) u58136 | ||
| 041 | _aeng | ||
| 050 | _a692.2 | ||
| 100 | _aBarritt, C.M.H. | ||
| 245 | 4 | _aThe building acts and regulations applied: houses and flats. | |
| 250 | _a2nd ed. | ||
| 260 |
_aHarlow _bLongman Group Limited _c1995 |
||
| 300 | _axiv,253p. : ill. ; 24cm. | ||
| 350 | _a15.99 | ||
| 520 | _aA new edition, taking into account revised regulations L and F, of a book in which each chapter forms a self-contained unit covering all the regulation requirements applicable to a particular part of a building. Up to date to July 1995. | ||
| 650 | _aBUILDING ACTS | ||
| 650 |
_aBUILDING REGULATIONS _96224 |
||
| 690 | _aBUILDING AND CONSTRUCTION-REGULATIONS | ||
| 942 | _n0 | ||
| 948 | _c04/03/1997 | ||
| 999 |
_c94030 _d94030 |
||